1795 1076 1675 1366 1568 1321 1156 1585 1473 1050 1850 1968 1548 1774 1731 1056 1606 1450 1157 1970 1296 1369 1773 1543 1286 1773 1960 1651 1319 1696 1291 1575 1887 1177 1841 1769 1437 1591 1092 1454 1726 1515 1968 1193 1592 1335 1643 1781 1935 1573 1104 1914 1480 1751 1637 1952 1432 1047 1634 1685 1131 1109 1931 1303 1849 1640 1219 1495 1056 1272 1451 1056 1692 1282 1345 1551 1988 1249 1551 1783 1430 1353 1976 1348 1094 1726 1844 1428 1886 1861 1678 1707 1072 1583 1509 1024 1788 1588 1226 BCNSPRNW ULIB Ver.6.0+V

เปลี่ยนเป็นภาษาไทย

Change to English
 แสดงรายละเอียดบรรณานุกรม
  กลับหน้าหลัก

Brief Record : Get Marc (ISO 2709) : E-mail record : QR code < ปิดหน้าต่าง
LEADER : 00000nam 2200000uu 4500
001    13399110993
003     ULIB
008    110614s||||||||th 000 0 tha d
020    9789749421475
050 04 BQ4190^bม267ก 2551
100 0  ชวอตซ์, มอร์รี เอส
245 10 การปล่อยวาง :^bข้อคิดจากการดำรงชีวิตขณะเผชิญความตาย /^cMorrie S. Schwartz ; วัลลี สุวจิตตานนท์ แปล
250    พิมพ์ครั้งที่ 1
260    กรุงเทพฯ :^bมายด์,^c2551
300    150 หน้า :^bภาพประกอบ
650  2 Amyotrophic lateral sclerosis
700 00 วัลลี สุวจิตตานนท์,^eผู้แปล
945    ^p129^l0^i028427
945    ^p129^l0^i028497
995    ทศพร
999 ^a ใช้งานได้ทุกระบบ
รายการนี้ยังไม่มีแท็ก
คุณยังไม่ได้ล็อกอิน คุณสามารถมีกิจกรรมร่วมกับเว็บไซต์ได้ แต่ต้องล็อกอินก่อน ::
  ล็อกอิน

รายการสื่อสารสนเทศ

ลำดับที่ ประเภท เลขเรียก/บาร์โค้ด สถานที่ สถานะ
- ไม่พบข้อมูล -

รายการใกล้เคียง
    ผู้แต่ง [ชวอตซ์, มอร์รี เอส]

    หัวเรื่อง [Amyotrophic lateral sclerosis]

BibComment


ยังไม่เคยถูกคอมเมนท์

คอมเมนท์ทรัพยากรรายการนี้
  คอมเมนท์: การปล่อยวาง ข้อค..


 Copyright 2026. Bcnsprnw @Library